B D Chaurasias Human Anatomy (Record no. 142260)
[ view plain ]
| 000 -LEADER | |
|---|---|
| fixed length control field | 00453nam a2200157Ia 4500 |
| 008 - FIXED-LENGTH DATA ELEMENTS--GENERAL INFORMATION | |
| fixed length control field | 230314s9999 xx 000 0 und d |
| 020 ## - INTERNATIONAL STANDARD BOOK NUMBER | |
| International Standard Book Number | 978-93-88902-73-1 |
| 041 ## - LANGUAGE CODE | |
| Language code of text/sound track or separate title | eng |
| 082 ## - DEWEY DECIMAL CLASSIFICATION NUMBER | |
| Classification number | A/611/GAR/B09174 |
| 100 ## - MAIN ENTRY--PERSONAL NAME | |
| Personal name | Garg Krishna Mittal PS & Chandrupatta Mrudula Ed. |
| 9 (RLIN) | 180018 |
| 245 ## - TITLE STATEMENT | |
| Title | B D Chaurasias Human Anatomy |
| 260 ## - PUBLICATION, DISTRIBUTION, ETC. (IMPRINT) | |
| Name of publisher, distributor, etc. | CBS Publishers & Distributors |
| Place of publication, distribution, etc. | New Delhi |
| Date of publication, distribution, etc. | 2020 |
| 300 ## - PHYSICAL DESCRIPTION | |
| Extent | 354p |
| 906 ## - LOCAL DATA ELEMENT F, LDF (RLIN) | |
| b | BSC |
| Withdrawn status | Lost status | Damaged status | Not for loan | Collection code | Home library | Current library | Date acquired | Vendor | Cost, normal purchase price | Bill number | Total Checkouts | Full call number | Barcode | Date last seen | Date last checked out | Cost, replacement price | Bill Date | Koha item type | Original Barcode | Total Renewals |
|---|---|---|---|---|---|---|---|---|---|---|---|---|---|---|---|---|---|---|---|---|
| Smt. Bakul Tambat Institute of Nursing Education | Smt. Bakul Tambat Institute of Nursing Education | 14/11/2019 | Patil Medical Book House | 595.00 | 5907 | 9 | A 611 GAR B09177 | BTIN-BK-9177 | 06/01/2026 | 01/01/2026 | 386.75 | 13/11/2019 | Books | B09177 | ||||||
| Smt. Bakul Tambat Institute of Nursing Education | Smt. Bakul Tambat Institute of Nursing Education | 14/11/2019 | Patil Medical Book House | 595.00 | 5907 | 1 | A 611 GAR B09178 | BTIN-BK-9178 | 17/04/2023 | 30/03/2023 | 386.75 | 13/11/2019 | Books | B09178 | 2 |